| 000 | 00922nam a22002297a 4500 | ||
|---|---|---|---|
| 999 |
_c3917 _d3917 |
||
| 003 | AR-CdUCM | ||
| 008 | 190307b ||||| |||| 00| 0 spa d | ||
| 040 |
_aMUNICIPALIDAD PROVINCIAL DEL CUSCO _cBIBLIOTECA MUNICIPAL DEL CUSCO |
||
| 082 |
_a371 / _bC48 |
||
| 100 |
_aCertner, Simon _912545 |
||
| 245 | _aHaga que sus alumnos escriban mejor / | ||
| 260 |
_aMéxico : _bU.T.E.H.A., _c1963. |
||
| 300 |
_aXI , 119 páginas ; _c117.5 cm. |
||
| 440 |
_aManual U.T.E.H.A breve _n387 - educación _912546 |
||
| 505 | _aContenido: Como puede ayudarles este libro -- La misión del maestro -- Planeamientos de problemas de las relaciones humanas -- Los temas generales de actualidad como motivo de composición ... | ||
| 650 |
_aTécnicas de estudio _98913 |
||
| 650 |
_aAlumnos - Docente _912547 |
||
| 700 |
_aBromberg, Murray _912548 |
||
| 700 |
_aVilalta, Emiliano (traductor) _912549 |
||
| 942 |
_2ddc _cLIBROS |
||
| 945 | _aafb | ||